000
00343nam a2200145 a 4500
001
2732
005
20140414131905.0
008
050927s19uu xx 00 eng d
050
_a
FIC
_b
St6 1999
100
_a
Jennet Stott
245
_a
Sara's pet hate!.
260
_b
Star Girl Book Club,
_c
1999.
300
_a
61 p. ; cm.
999
_c
110918
_d
110918